| 000 | 01164nac a22002771u 4500 | ||
|---|---|---|---|
| 010 | _a 99040923 | ||
| 020 | _a0471344222 (cloth : alk. paper) | ||
| 035 | _a(DLC) 99040923 | ||
| 082 | 0 | 0 |
_a620.00683 _bGOM |
| 090 |
_c7176 _d7176 |
||
| 100 | _aGoman, Carol Kinsey. | ||
| 245 | 1 | 4 |
_aThe human side of high-tech : _blessons from the technology frontier / _cCarol Kinsey Goman. |
| 260 |
_aNew York : _bWiley,2000 _cc2000. |
||
| 300 |
_ax, 230 p. ; _c24 cm. |
||
| 440 | 0 | _aUpside books | |
| 500 | _adistributer: Al-Ahram | ||
| 504 | _aIncludes bibliographical references (p. 225-226) and index. | ||
| 511 | _acatalogued by: wessam | ||
| 650 | 0 |
_aHigh technology industries _xManagement. |
|
| 650 | 0 |
_aHigh technology industries _xPersonnel management. |
|
| 650 | 0 | _aOrganizational effectiveness. | |
| 856 | 4 | 2 |
_3Contributor biographical information _uhttp://www.loc.gov/catdir/bios/wiley043/99040923.html |
| 856 | 4 | 2 |
_3Publisher description _uhttp://www.loc.gov/catdir/description/wiley035/99040923.html |
| 856 | 4 | 2 |
_3Table of Contents _uhttp://www.loc.gov/catdir/toc/onix06/99040923.html |
| 942 |
_cBB _k620.00683GOM |
||
| 999 |
_c7176 _d7176 |
||